000 00561nmm a22001817a 4500
003 OSt
005 20240426150054.0
006 eBook
008 240426b |||||||| |||| 00| 0 eng d
040 _cMRSPTU
100 _aKamthane, Ashok N
245 _aProgramming in C : For BPUT
250 _a1st
260 _aNew Delhi
_bPearson
_c2011
600 _2Computer Science
856 _3Click here to access the e-book
_uhttps://ebookcentral.proquest.com/lib/gzsptuc/detail.action?docID=5125099&query=Programming%20in%20C%20:%20For%20BPUT
942 _2ddc
_cEB
_n1
999 _c10150
_d10150